Jawahar Lal Kaul : A Life of Dedicated (Record no. 197511)
[ view plain ]
| 000 -LEADER | |
|---|---|
| fixed length control field | 00390nam a22001457a 4500 |
| 008 - FIXED-LENGTH DATA ELEMENTS--GENERAL INFORMATION | |
| fixed length control field | 230824b ||||| |||| 00| 0 eng d |
| 082 ## - DEWEY DECIMAL CLASSIFICATION NUMBER | |
| Classification number | N-KUM |
| 100 ## - MAIN ENTRY--PERSONAL NAME | |
| Personal name | Singh, Nisha Chandra |
| 245 ## - TITLE STATEMENT | |
| Title | Jawahar Lal Kaul : A Life of Dedicated |
| Medium | English |
| 260 ## - PUBLICATION, DISTRIBUTION, ETC. (IMPRINT) | |
| Place of publication, distribution, etc | Delhi |
| Name of publisher, distributor, etc | A.I.C.B. |
| Date of publication, distribution, etc | Rohini |
| 270 ## - ADDRESS | |
| Address | A.I.C.B. Rohini, Delhi |
| 300 ## - PHYSICAL DESCRIPTION | |
| Extent | 12x13 |
| 490 ## - SERIES STATEMENT | |
| Volume number/sequential designation | 1-3 |
| 942 ## - ADDED ENTRY ELEMENTS (KOHA) | |
| Source of classification or shelving scheme | Dewey Decimal Classification |
| Item type | Braille-Books-English |
| Call number prefix | N |
| Call number suffix | KUM |
No items available.
